WWE Hall of Fame - Statistics

General Stats
  • This quiz has been taken 9 times
  • The average score is 128 of 227
Answer Stats
Year Hall of Fame % Correct
1993 André the Giant
100%
2006 Bret Hart
100%
2025 Bret "The Hitman" Hart vs. "Stone Cold" Steve Austin
100%
2021 Ethel Johnson
100%
2020 Gary Hart
100%
2005 Hulk Hogan
100%
2014 Jake Roberts
100%
2005 Jimmy Hart
100%
2013 Mick Foley
100%
2008 Rocky Johnson
100%
2009 "Stone Cold" Steve Austin
100%
2010 Stu Hart
100%
2020 The British Bulldog
100%
2022 The Undertaker
100%
2005 Bob Orton Jr.
83%
2020 Brickhouse Brown
83%
2017 Dr. Jerry Graham
83%
2008 Eddie Graham
83%
2006 Eddie Guerrero
83%
2012 Edge
83%
1994 James Dudley
83%
2018 Jarrius "JJ" Robertson
83%
2007 Jerry Lawler
83%
2011 Jim Duggan
83%
1996 Jimmy "Superfly" Snuka
83%
2020 John "Bradshaw" Layfield
83%
2004 Junkyard Dog
83%
2021 Kane
83%
2015 Kevin Nash
83%
2017 Kurt Angle
83%
2018 Mark Henry
83%
2015 Randy Savage
83%
2023 Rey Mysterio
83%
2008 Ric Flair
83%
2011 Shawn Michaels
83%
2020 Steve Williams
83%
2010 Ted DiBiase
83%
2018 The Dudley Boyz
83%
2021 The Great Khali
83%
2005 The Iron Sheik
83%
2007 The Sheik
83%
2014 The Ultimate Warrior
83%
2019 Torrie Wilson
83%
2025 Triple H
83%
1996 Vincent J. McMahon
83%
2012 Yokozuna
83%
2010 Antonio Inoki
67%
2013 Booker T
67%
2018 Boris Malenko
67%
2013 Bruno Sammartino
67%
2019 Brutus Beefcake
67%
1994 Buddy Rogers
67%
2024 Bull Nakano
67%
1994 Chief Jay Strongbow
67%
2019 D-Generation X
67%
2017 Diamond Dallas Page
67%
2013 Donald Trump
67%
2004 Don Muraco
67%
2025 Dory Funk Sr.
67%
2011 Drew Carey
67%
2007 Dusty Rhodes
67%
2006 Gene Okerlund
67%
2018 Goldberg
67%
2010 Gorgeous George
67%
2018 Hillbilly Jim
67%
2016 Jacqueline
67%
2007 Jim Ross
67%
2009 Koko B. Ware
67%
2015 Larry Zbyszko
67%
2025 Lex Luger
67%
2024 Lia Maivia
67%
2014 Lita
67%
2016 Lou Thesz
67%
2019 Luna Vachon
67%
2010 Maurice Vachon
67%
2025 Michelle McCool
67%
2007 Mr. Fuji
67%
1996 Pat Patterson
67%
1995 Pedro Morales
67%
2008 Peter Maivia
67%
2009 Ricky Steamboat
67%
2015 Rikishi
67%
2021 Rob Van Dam
67%
2012 Ron Simmons
67%
2004 Sgt. Slaughter
67%
2006 Sherri Martel
67%
2011 Sunny
67%
2015 Tatsumi Fujinami
67%
2016 The Fabulous Freebirds
67%
1995 The Fabulous Moolah
67%
2012 The Four Horsemen
67%
2009 The Funks
67%
2016 The Godfather
67%
2019 The Hart Foundation
67%
2020 The New World Order
67%
2017 The Rock 'n' Roll Express
67%
2024 The U.S. Express
67%
2009 The Von Erichs
67%
2024 Thunderbolt Patterson
67%
2023 Tim White
67%
2004 Tito Santana
67%
2020 Titus O'Neil
67%
2006 Tony Atlas
67%
2013 Trish Stratus
67%
2022 Vader
67%
2006 Verne Gagne
67%
2010 Wendi Richter
67%
2011 Abdullah the Butcher
50%
2015 Alundra Blayze
50%
2015 Arnold Schwarzenegger
50%
2017 Bearcat Wright
50%
2016 Big Boss Man
50%
2004 Big John Studd
50%
2011 Bob Armstrong
50%
2013 Bob Backlund
50%
2010 Bob Uecker
50%
2019 Buddy Rose
50%
2015 Connor "The Crusher" Michalek
50%
2007 Curt Hennig
50%
2016 Ed Lewis
50%
2021 Eric Bischoff
50%
2017 Eric LeGrand
50%
2016 Frank Gotch
50%
1994 Gorilla Monsoon
50%
2004 Greg Valentine
50%
2019 Harlem Heat
50%
2004 Harley Race
50%
2017 Haystacks Calhoun
50%
2025 Ivan Koloff
50%
2018 Ivory
50%
2018 Jeff Jarrett
50%
2020 Jushin Thunder Liger
50%
2025 Kamala
50%
2018 Kid Rock
50%
1996 Killer Kowalski
50%
2008 Mae Young
50%
2012 Mike Tyson
50%
2021 Molly Holly
50%
2014 Mr. T
50%
2024 Muhammad Ali
50%
2007 Nick Bockwinkel
50%
2021 Ozzy Osbourne
50%
2016 Pat O'Connor
50%
2024 Paul Heyman
50%
2004 Pete Rose
50%
2022 Queen Sharmell
50%
2014 Razor Ramon
50%
2017 Rick Rude
50%
2018 Rufus R. Jones
50%
2022 Shad Gaspard
50%
2016 Snoop Dogg
50%
2019 Special Delivery Jones
50%
2018 Stan Stasiak
50%
2016 Sting
50%
2020 The Bella Twins
50%
2006 The Blackjacks
50%
2008 The Brisco Brothers
50%
2023 The Great Muta
50%
2019 The Honky Tonk Man
50%
2025 The Natural Disasters
50%
2017 Theodore Long
50%
2011 The Road Warriors
50%
2022 The Steiner Brothers
50%
1996 The Valiant Brothers
50%
2007 The Wild Samoans
50%
2019 Toru Tanaka
50%
2019 Wahoo McDaniel
50%
2006 William Perry
50%
1995 Antonino Rocca
33%
1994 Arnold Skaaland
33%
2016 Art Thomas
33%
2020 Baron Michele Leone
33%
2017 Beth Phoenix
33%
2009 Bill Watts
33%
2004 Bobby Heenan
33%
1994 Bobo Brazil
33%
2019 Bruiser Brody
33%
1996 "Captain" Lou Albano
33%
2014 Carlos Colón Sr.
33%
1994 "Classy" Freddie Blassie
33%
2018 Dara Singh
33%
2021 Dick the Bruiser
33%
2018 El Santo
33%
1995 Ernie Ladd
33%
2016 George Hackenschmidt
33%
1995 George "The Animal" Steele
33%
2008 Gordon Solie
33%
2009 Howard Finkel
33%
1995 Ivan Putski
33%
2004 Jesse Ventura
33%
2016 Joan Lunden
33%
2017 Judy Grable
33%
2017 June Byers
33%
2018 Lord Alfred Hayes
33%
2017 Martin Burns
33%
1996 Mikel Scicluna
33%
2012 Mil Máscaras
33%
2005 Nikolai Volkoff
33%
2014 Paul Bearer
33%
2020 Ray Stevens
33%
2017 Rikidōzan
33%
2005 Roddy Piper
33%
2023 Stacy Keibler
33%
2016 Stan Hansen
33%
2004 "Superstar" Billy Graham
33%
2020 William Shatner
33%
2023 Andy Kaufman
17%
2021 Buzz Sawyer
17%
2018 Cora Combs
17%
2018 Hiro Matsuda
17%
2019 Hisashi Shinma
17%
2019 Jim Barnett
17%
2018 Jim Londos
17%
1996 Johnny Rodz
17%
2019 Joseph Cohen
17%
2017 Luther Lindsay
17%
2016 Mildred Burke
17%
2021 Paul Boesch
17%
2005 Paul Orndorff
17%
2021 Pez Whatley
17%
2019 Primo Carnera
17%
2021 Rich Hering
17%
2018 Sputnik Monroe
17%
2019 Sue Aitchison
17%
2015 The Bushwhackers
17%
1995 The Grand Wizard
17%
2017 Toots Mondt
17%
No matching quizzes found
Score Distribution
Percent of People with Each Score
Percentile by Number Answered
Your Score History
You have not taken this quiz